Recueil de cartes géographiques, plans, vues et médailles de l'ancienne Grèce, relatifs au voyage du jeune Anacharsis, précédé d'une analyse critique des cartes

Detalles Bibliográficos
Formato: Libro
Lenguaje:French
Publicado: Aux Deux-Ponts : chez Sanson et compagnie, 1791.
Materias:
Colección:Banco de datos
Acervo:Universidad Autónoma Benito Juárez de Oaxaca. Biblioteca Francisco de Burgoa. Colección antigua
Descripción Física:20, [31] grab. : il. ; 4°
Tema general:Geografía
Notas:Portada tipográfica con plecas en grabado xilográfico. Texto a dos columnas con paginación en números arábigos y notas a pie de página. Incluye una ilustración. Encuadernación en piel sobre cartón. Sello en tinta de la Biblioteca Pública del Estado de Oaxaca, Oax. Daños por humedad
LEADER 01060nam a22001690004500
035 |a 141 
041 0 |a fre 
245 1 0 |a Recueil de cartes géographiques, plans, vues et médailles de l'ancienne Grèce, relatifs au voyage du jeune Anacharsis, précédé d'une analyse critique des cartes 
260 |a Aux Deux-Ponts : chez Sanson et compagnie, 1791. 
300 |a 20, [31] grab. : il. ; 4° 
500 |a Portada tipográfica con plecas en grabado xilográfico. Texto a dos columnas con paginación en números arábigos y notas a pie de página. Incluye una ilustración. Encuadernación en piel sobre cartón. Sello en tinta de la Biblioteca Pública del Estado de Oaxaca, Oax. Daños por humedad 
504 |a Al principio de la obra está el índice de ilustraciones 
650 1 0 |a Geografía 
852 |a Universidad Autónoma "Benito Juárez" de Oaxaca, Biblioteca Francisco de Burgoa, Colección antigua 705 
942 |c BURANT 
943 |g Universidad Autónoma Benito Juárez de Oaxaca. Biblioteca Francisco de Burgoa. Colección antigua 
999 |c 1111152  |d 1111152